| 000 | 00484nam a2200193Ia 4500 | ||
|---|---|---|---|
| 008 | 170918s9999 xx 000 0 und d | ||
| 020 | _a9780590316828 | ||
| 050 | _bY549 2000 | ||
| 100 | _aYolen, Jane | ||
| 245 | _aHow do dinosaurs say good night / | ||
| 245 | _cby Jane Yolen ; illustrated Mark Teague. | ||
| 260 | _aNew York : | ||
| 260 | _bScholastic, | ||
| 260 | _c2000 | ||
| 300 | _aunpaged : | ||
| 300 | _bcolored illustration ; | ||
| 300 | _c28cm. | ||
| 500 | _a210 | ||
| 999 |
_c342857 _d342857 |
||